Horror Movie Franchises #16: Children of the Corn - Statistics

General Stats
  • This quiz has been taken 10 times
  • The average score is 4 of 9
Answer Stats
Movie % Correct
Children of the Corn
100%
Children of the Corn (2020 Remake)
100%
Children of the Corn 666: Isaac’s Return
43%
Children of the Corn III: Urban Harvest
43%
Children of the Corn: Genesis
29%
Children of the Corn IV: The Gathering
29%
Children of the Corn: Revelation
29%
Children of the Corn V: Fields of Terror
29%
Children of the Corn II: The Final Conflict
0%
No matching quizzes found
Score Distribution
Percent of People with Each Score
Percentile by Number Answered
Your Score History
You have not taken this quiz